000
00344cam a2200145 4500
008
040513n2004 000 0 eng u
020
_a
0414015258
035
_a
(Sirsi) u126189
041
_a
eng
100
_a
Turnbull, Craig
245
_a
Construction health & safety
260
_a
Edinburgh
_b
W Green
_c
2004
350
_a
35
942
_n
0
999
_c
103585
_d
103585